Management : (Record no. 49854)

MARC details
000 -LEADER
fixed length control field 00715nam a22002057a 4500
008 - FIXED-LENGTH DATA ELEMENTS--GENERAL INFORMATION
fixed length control field 170406b xxu||||| |||| 00| 0 eng d
020 ## - INTERNATIONAL STANDARD BOOK NUMBER
International Standard Book Number 0071100962 (pbk.)
020 ## - INTERNATIONAL STANDARD BOOK NUMBER
International Standard Book Number 9780071100960 (pbk.)
050 ## - LIBRARY OF CONGRESS CALL NUMBER
Classification number HD31
Item number .G66 2008
100 ## - MAIN ENTRY--PERSONAL NAME
Personal name Gomez-Mejia, Luis R.
245 ## - TITLE STATEMENT
Title Management :
Statement of responsibility, etc Luis R. Gomez-Mejia, David B. Balkin, Robert L. Cardy.
Remainder of title people, performance, change /
250 ## - EDITION STATEMENT
Edition statement 3rd ed.
260 ## - PUBLICATION, DISTRIBUTION, ETC. (IMPRINT)
Place of publication, distribution, etc Boston :
Name of publisher, distributor, etc McGraw-Hill Irwin,
Date of publication, distribution, etc 2008.
300 ## - PHYSICAL DESCRIPTION
Extent xxxviii, 773 p. :
Other physical details ill. (chiefly col.) ;
Dimensions 29 cm.
500 ## - GENERAL NOTE
General note Includes bibliographical references and index.
650 ## - SUBJECT ADDED ENTRY--TOPICAL TERM
Topical term or geographic name as entry element Management.
700 ## - ADDED ENTRY--PERSONAL NAME
Personal name Balkin, David B.,
Dates associated with a name 1948-
700 ## - ADDED ENTRY--PERSONAL NAME
Personal name Cardy, Robert L.,
Dates associated with a name 1955-
942 ## - ADDED ENTRY ELEMENTS (KOHA)
Source of classification or shelving scheme Library of Congress Classification
Item type Book
Holdings
Withdrawn status Lost status Source of classification or shelving scheme Damaged status Not for loan Collection code Home library Current library Shelving location Date acquired Source of acquisition Cost, normal purchase price Full call number Barcode Copy number Price effective from Koha item type
    Library of Congress Classification     Non-fiction Nairobi Campus Nairobi Campus General Circulation 06/04/2017 Donations- BFA 500.00 HD31 .G66 2008 052471 1 06/04/2017 Book